[Event "9th Sunway Sitges 2022"]
[Site "Sitges ESP"]
[Date "2022.12.20"]
[Round "8.27"]
[White "Injac, Teodora"]
[Black "Van Foreest, Jorden"]
[Result "1/2-1/2"]
[WhiteTitle "WGM"]
[BlackTitle "GM"]
[WhiteElo "2365"]
[BlackElo "2690"]
[WhiteFideId "932400"]
[BlackFideId "1039784"]
[EventDate "2022.12.12"]

1. d4 Nf6 2. c4 g6 3. Nf3 Bg7 4. g3 O-O 5. Bg2 d6 6. Nc3 Nbd7 7. O-O e5 8. h3
Re8 9. e4 exd4 10. Nxd4 Nc5 11. Re1 h6 12. Nb3 Ne6 13. f4 h5 14. Be3 Bd7 15. Qc2
a5 16. Rad1 Nh7 17. Qf2 Qc8 18. f5 Nef8 19. Nd5 gxf5 20. Rf1 Qd8 21. exf5 Re5
22. f6 Nxf6 23. Bf4 Rxd5 24. cxd5 Bb5 25. Rfe1 Ng6 26. Nd4 Bd7 27. Bc1 Qc8 28.
Rf1 Ne5 29. Nf5 Bxf5 30. Qxf5 Qxf5 31. Rxf5 a4 32. Rdf1 Nfd7 33. Rxh5 Nd3 34.
Rhf5 a3 35. bxa3 Bd4+ 36. Kh2 N7e5 37. Be4 Nxc1 38. Rxc1 Bb6 39. Rc3 Ra4 40. Rf4
Rd4 41. Rc2 Kg7 42. Bg2 Rd3 43. a4 Ba5 44. Re2 Bb6 45. Rb2 Ra3 46. Re2 Rd3 47.
Rb2 Ra3 48. Re2 Rd3 1/2-1/2

[Event "9th Sunway Sitges 2022"]
[Site "Sitges ESP"]
[Date "2022.12.20"]
[Round "8.28"]
[White "Cheng, Bobby"]
[Black "Salimova, Nurgyul"]
[Result "1/2-1/2"]
[WhiteTitle "GM"]
[BlackTitle "IM"]
[WhiteElo "2583"]
[BlackElo "2390"]
[WhiteFideId "4300033"]
[BlackFideId "2915138"]
[EventDate "2022.12.12"]

1. c4 e6 2. Nc3 d5 3. d4 c6 4. e4 dxe4 5. Nxe4 c5 6. Nxc5 Nc6 7. Nb3 a5 8. a4
Bb4+ 9. Bd2 Nxd4 10. Bxb4 Nxb3 11. Qxb3 Qb6 12. Nf3 axb4 13. Qe3 Qxe3+ 14. fxe3
Ne7 15. b3 f6 16. Bd3 e5 17. O-O-O Bd7 18. Ne1 Bg4 19. Rd2 O-O-O 20. Rf1 Nc6 21.
Rff2 Na5 22. Kb2 e4 23. Bxe4 Rxd2+ 24. Rxd2 Re8 25. Bxh7 Rxe3 26. Nd3 Bd7 27.
Rf2 Kc7 28. Nc1 Nc6 29. Bg8 Ne5 30. Bh7 Bc6 31. Na2 Bxa4 32. bxa4 Nxc4+ 33. Kb1
b3 34. Nc1 Na3+ 35. Kb2 Nc4+ 36. Kb1 Na3+ 37. Ka1 Re1 38. Kb2 Nc4+ 39. Kxb3 Rxc1
40. Bd3 Na5+ 41. Kb2 Rc5 42. Rf4 Nc6 43. Bb5 Na7 44. Bd3 Nc6 45. Rh4 Kd6 46. g3
Ne5 47. Bb5 Nf3 48. Rh7 Rc7 49. Rh8 Kc5 50. Kc3 Ne5 51. Rg8 Nf3 52. h4 Nd4 53.
Bd3 Nc6 54. h5 Ne7 55. Rb8 Nd5+ 56. Kb3 Kd4 57. Bf5 Ne7 58. Rd8+ Ke5 59. Bd3 Nc6
60. Rg8 Kd4 61. Bf1 Re7 62. Kb2 Kc5 63. Kc3 Re3+ 64. Kd2 Re7 65. Kc3 Re3+ 66.
Kd2 Re7 67. Bb5 Na7 68. Bd3 Kb4 69. Bc2 Nc6 70. Kd3 Rd7+ 71. Ke3 Ne5 72. Kf4 Rc7
73. Bd1 Rd7 74. Bc2 Rc7 75. Bd1 Rd7 1/2-1/2

[Event "9th Sunway Sitges 2022"]
[Site "Sitges ESP"]
[Date "2022.12.20"]
[Round "8.29"]
[White "Nandhidhaa, P V"]
[Black "Gines Esteo, Pedro Antonio"]
[Result "0-1"]
[WhiteTitle "WGM"]
[BlackTitle "GM"]
[WhiteElo "2358"]
[BlackElo "2500"]
[WhiteFideId "5050847"]
[BlackFideId "32080190"]
[EventDate "2022.12.12"]

1. e4 c6 2. d4 d5 3. exd5 cxd5 4. Bd3 Nf6 5. c3 Bg4 6. Qb3 Qc7 7. h3 Bh5 8. Na3
a6 9. Bf4 Qc8 10. Ne2 e6 11. O-O Nc6 12. Nc2 Be7 13. Ne3 O-O 14. Ng3 Bg6 15. Qd1
b5 16. a3 Na5 17. Bxg6 hxg6 18. Ng4 Nc4 19. Rb1 a5 20. Ne5 Nxe5 21. Bxe5 Nd7 22.
Bf4 Qa6 23. Ra1 Rfc8 24. Ne2 Qc6 25. Qd3 Qc4 26. Nc1 Nb6 27. Qf3 b4 28. axb4
axb4 29. Rxa8 Rxa8 30. Bd2 Qb5 31. Nd3 Nc4 32. Ne5 Nxe5 33. dxe5 b3 34. g3 Ra2
35. Rb1 Qa6 36. Kg2 Ra1 37. Rc1 Qa2 38. Qd1 Rxc1 39. Bxc1 Qb1 40. h4 g5 41. hxg5
Bxg5 42. f4 Be7 43. Qg1 g5 44. fxg5 Qe4+ 45. Kh3 Qxe5 46. Qd1 Qf5+ 47. Kg2 Qe4+
48. Kh2 Bd6 49. Kh3 Be5 50. Bf4 Qf5+ 51. Kh4 Qh7+ 52. Kg4 f5+ 53. gxf6 Qf5+ 54.
Kf3 Qh5+ 55. g4 Qh3+ 56. Kf2 Bxf4 57. Qxb3 Qh2+ 58. Kf3 Qg3+ 59. Ke2 Qxg4+ 60.
Kd3 0-1

[Event "9th Sunway Sitges 2022"]
[Site "Sitges ESP"]
[Date "2022.12.20"]
[Round "8.30"]
[White "Nawin, J J"]
[Black "Wadsworth, Matthew J"]
[Result "1/2-1/2"]
[WhiteTitle "FM"]
[BlackTitle "IM"]
[WhiteElo "2351"]
[BlackElo "2470"]
[WhiteFideId "45031231"]
[BlackFideId "415804"]
[EventDate "2022.12.12"]

1. e4 e6 2. d4 d5 3. Nc3 Nf6 4. Bg5 dxe4 5. Nxe4 Be7 6. Bxf6 gxf6 7. Nf3 f5 8.
Nc3 a6 9. Qd2 b5 10. O-O-O Bb7 11. d5 b4 12. Bc4 Qd6 13. Na4 e5 14. Rhe1 Nd7 15.
Qe3 e4 16. Nd4 Qg6 17. Kb1 Ne5 18. Bb3 Bd6 19. f3 O-O 20. h3 exf3 21. gxf3 f4
22. Qd2 Kh8 23. Rg1 Qf6 24. c4 bxc3 25. Nxc3 Bc8 26. Bc2 Bd7 27. Ne4 Qh4 28. Qc3
Rg8 29. Nc5 Rxg1 30. Rxg1 Qf2 31. Rd1 Bxc5 32. Qxc5 Nxf3 33. Qxc7 Nxd4 34. Qe5+
Kg8 35. Rxd4 Re8 36. Qg5+ Kh8 37. Qf6+ Kg8 38. b3 Rc8 39. Qg5+ Kh8 40. Qe5+ Kg8
41. Rc4 Rxc4 42. bxc4 Qg1+ 43. Kb2 f3 44. Qb8+ Kg7 45. Qe5+ Kg8 46. Qb8+ Kg7 47.
Qe5+ 1/2-1/2

[Event "9th Sunway Sitges 2022"]
[Site "Sitges ESP"]
[Date "2022.12.20"]
[Round "8.31"]
[White "Ayats Llobera, Gerard"]
[Black "Kanov, Nikola"]
[Result "1/2-1/2"]
[WhiteTitle "IM"]
[BlackTitle "FM"]
[WhiteElo "2464"]
[BlackElo "2377"]
[WhiteFideId "32067607"]
[BlackFideId "2928531"]
[EventDate "2022.12.12"]

1. e4 e5 2. Nf3 Nc6 3. Bb5 a6 4. Ba4 Nf6 5. O-O b5 6. Bb3 Bc5 7. c3 d6 8. d4 Bb6
9. a4 Rb8 10. axb5 axb5 11. Qd3 O-O 12. Bg5 h6 13. Bxf6 Qxf6 14. Qxb5 Bb7 15.
Bd5 Na7 16. dxe5 dxe5 17. Qb3 Bc8 18. Qd1 Bg4 19. h3 Bh5 20. g4 Bg6 21. Nfd2 c6
22. Ba2 Rbd8 23. Qf3 Qg5 24. Nc4 Bc7 25. Nba3 Nc8 26. Rfd1 Kh7 27. Kf1 Ne7 28.
Ne3 Kh8 29. Nac4 Bh7 30. Rxd8 Rxd8 31. Rd1 Rxd1+ 32. Qxd1 Bxe4 33. Qd7 Nd5 34.
Qxf7 Qh4 35. Nxd5 Qxh3+ 36. Ke1 cxd5 37. Ne3 Qh1+ 38. Kd2 Qa1 39. Nd1 Qxa2 40.
Qxc7 Qb1 41. Qb8+ Kh7 42. Qxe5 Kh8 43. Qe8+ Kh7 44. Qe5 Kh8 1/2-1/2

[Event "9th Sunway Sitges 2022"]
[Site "Sitges ESP"]
[Date "2022.12.20"]
[Round "8.32"]
[White "Sherman, Reem"]
[Black "Sochacki, Christophe"]
[Result "0-1"]
[BlackTitle "GM"]
[WhiteElo "2179"]
[BlackElo "2463"]
[WhiteFideId "2822288"]
[BlackFideId "662569"]
[EventDate "2022.12.12"]

1. e4 e5 2. Bc4 Nf6 3. d3 c6 4. Nf3 d5 5. Bb3 a5 6. a4 Bb4+ 7. Bd2 O-O 8. Bxb4
axb4 9. Nxe5 dxe4 10. d4 c5 11. dxc5 Qxd1+ 12. Kxd1 Na6 13. c6 bxc6 14. Nd2 Nc5
15. Nxc6 Re8 16. Bc4 Ng4 17. Re1 Nxf2+ 18. Ke2 e3 19. Nf3 Re4 20. b3 Ba6 21.
Bxa6 Rxa6 22. Ncd4 g5 23. Nf5 Rf6 24. Ng3 Re8 25. Nxg5 Nfd3 26. N5e4 Rf2+ 27.
Kxe3 Rxc2 28. Kf3 Nxe1+ 29. Rxe1 Kf8 30. Re3 Nxe4 31. Nxe4 f5 32. Nf2 Rc3 33.
Rd3 Rd8 34. Ke2 Ke7 35. a5 Rc2+ 36. Ke1 Rxd3 37. Nxd3 Rxg2 38. h4 Kd6 39. a6 Rh2
40. Nxb4 Rxh4 41. a7 Rh1+ 42. Kf2 Ra1 43. Kf3 Rxa7 44. Kf4 Rb7 45. Nc2 Ke6 46.
b4 Kf6 47. Ne3 Rxb4+ 48. Kf3 Kg5 49. Nd1 h5 50. Nf2 Rf4+ 51. Kg2 Rxf2+ 0-1

[Event "9th Sunway Sitges 2022"]
[Site "Sitges ESP"]
[Date "2022.12.20"]
[Round "8.33"]
[White "Fernandez Guillen, Ernesto J."]
[Black "Mathieu, Phileas"]
[Result "0-1"]
[WhiteTitle "IM"]
[BlackTitle "FM"]
[WhiteElo "2462"]
[BlackElo "2367"]
[WhiteFideId "3512428"]
[BlackFideId "36048410"]
[EventDate "2022.12.12"]

1. Nf3 Nf6 2. g3 e6 3. Bg2 d5 4. O-O Be7 5. d4 b5 6. a4 b4 7. Ne5 O-O 8. Nd2 c5
9. dxc5 Bxc5 10. Nd3 Be7 11. e4 Bb7 12. e5 Ne4 13. Nxe4 dxe4 14. Qg4 h5 15. Qf4
Qd4 16. Re1 g5 17. Rxe4 Qxd3 18. Qxg5+ Bxg5 19. cxd3 Bxc1 20. Rxc1 Bxe4 21. Bxe4
Nd7 22. Bxa8 Rxa8 23. f4 Nb6 24. a5 Na4 25. Rc4 Nxb2 26. Rxb4 Nxd3 27. Rb7 a6
28. Rc7 Rb8 29. Rc6 Nb4 30. Rc5 Kg7 31. Kg2 Kg6 32. Kf3 Rb5 33. Rxb5 axb5 34.
Ke4 Nc6 35. a6 b4 36. Kd3 Kf5 37. h3 h4 38. gxh4 Kxf4 39. h5 Kg5 40. Kc4 Kxh5
41. Kc5 b3 0-1

[Event "9th Sunway Sitges 2022"]
[Site "Sitges ESP"]
[Date "2022.12.20"]
[Round "8.34"]
[White "Sardana, Rishi"]
[Black "Akbas, Umut Ata"]
[Result "1/2-1/2"]
[WhiteTitle "IM"]
[BlackTitle "FM"]
[WhiteElo "2460"]
[BlackElo "2351"]
[WhiteFideId "25004301"]
[BlackFideId "44572646"]
[EventDate "2022.12.12"]

1. e4 e5 2. Nf3 Nc6 3. Bc4 Nf6 4. d3 Bc5 5. O-O O-O 6. h3 h6 7. Re1 d6 8. c3 Bb6
9. a4 a6 10. b4 Ne7 11. a5 Ba7 12. Be3 Ng6 13. Nbd2 Re8 14. Qb3 Be6 15. Rad1
Bxe3 16. Rxe3 Qd7 17. Rc1 Nh5 18. Kh2 Bxc4 19. Qxc4 Nhf4 20. Ng1 Rad8 21. g3 d5
22. Qb3 Ne6 23. Ndf3 d4 24. cxd4 Nxd4 25. Nxd4 Qxd4 26. b5 Nf8 27. Rd1 Ne6 28.
Nf3 Qd6 29. Rb1 Nc5 30. Qc3 axb5 31. Rxb5 b6 32. Kg2 c6 33. Rb4 bxa5 34. Rc4
Nxd3 35. Rxc6 Qd7 36. Ra6 Nb4 37. Rxa5 Nc6 38. Nxe5 Nxe5 39. Rxe5 Rxe5 40. Qxe5
Qd1 41. Rf3 Qe1 42. Rb3 Qc1 43. h4 Qc4 44. Rc3 Qa4 45. Qf5 Re8 46. Kf3 Qd1+ 47.
Kg2 Qd4 48. Re3 Re5 49. Qc8+ Kh7 50. Qc2 f5 51. exf5 Rxe3 52. fxe3 Qxe3 53. Qf2
Qe4+ 54. Qf3 Qc2+ 55. Kh3 Qc4 56. Qf2 Qe4 57. g4 Qd5 58. g5 Qd3+ 59. Kg4 Qe4+
60. Kg3 Qe5+ 61. Kh3 hxg5 62. hxg5 g6 63. Qh4+ Kg8 64. Qc4+ Kf8 65. Qc8+ Kf7 66.
Qd7+ Kg8 67. Qc8+ Kh7 68. Qb7+ Kg8 69. Qa8+ Kh7 70. Qa7+ Kh8 71. Qa8+ Kh7 72.
Qb7+ Kg8 73. Qc8+ Kh7 74. Qd7+ Kg8 75. fxg6 Qe3+ 76. Kg4 Qe4+ 1/2-1/2

[Event "9th Sunway Sitges 2022"]
[Site "Sitges ESP"]
[Date "2022.12.20"]
[Round "8.35"]
[White "Raja, Rithvik R"]
[Black "Valenzuela Gomez, Fernando"]
[Result "1/2-1/2"]
[WhiteTitle "GM"]
[BlackTitle "IM"]
[WhiteElo "2453"]
[BlackElo "2361"]
[WhiteFideId "35007394"]
[BlackFideId "3409392"]
[EventDate "2022.12.12"]

1. d4 Nf6 2. c4 e6 3. Nf3 d5 4. Nc3 a6 5. c5 b6 6. cxb6 c5 7. Bf4 Bd6 8. Bxd6
Qxd6 9. Qb3 Nbd7 10. Qa3 Qxb6 11. e3 Rb8 12. b3 O-O 13. Bd3 cxd4 14. exd4 e5 15.
dxe5 Nxe5 16. Nxe5 Qd4 17. O-O Qxe5 18. Qc5 Nd7 19. Qe3 d4 20. Qe4 Qxe4 21. Nxe4
Ne5 22. Rfd1 Rd8 23. Rac1 Nxd3 24. Rxd3 Bf5 25. f3 h6 26. h3 Rb5 27. Rc4 Ra5 28.
Rd2 Rad5 29. Kf2 Bxe4 30. fxe4 R5d6 31. Ke2 Rg6 32. g4 h5 33. Kf3 hxg4+ 34. hxg4
Rf6+ 35. Kg3 d3 36. Rc3 Rd4 37. Rcxd3 Rxe4 38. Rf3 1/2-1/2

[Event "9th Sunway Sitges 2022"]
[Site "Sitges ESP"]
[Date "2022.12.20"]
[Round "8.36"]
[White "Ortega Serra, Marc"]
[Black "Erdogmus, Yagiz Kaan"]
[Result "0-1"]
[BlackTitle "IM"]
[WhiteElo "2291"]
[BlackElo "2453"]
[WhiteFideId "2293137"]
[BlackFideId "44599790"]
[EventDate "2022.12.12"]

1. d4 Nf6 2. c4 e6 3. Nf3 b6 4. g3 Ba6 5. Qc2 Bb7 6. Bg2 c5 7. O-O cxd4 8. Nxd4
Bxg2 9. Kxg2 Qc8 10. e4 Nc6 11. Nb5 a6 12. N5c3 Qb7 13. Re1 Bc5 14. f3 O-O 15.
Bg5 Bd4 16. Nd2 Rac8 17. Ne2 h6 18. Nxd4 Nxd4 19. Qc3 Nb5 20. Qe3 hxg5 21. cxb5
g4 22. e5 Nd5 23. Qe4 axb5 24. Kg1 gxf3 25. Qxf3 f5 26. Rad1 Rc2 27. Rf1 Rxb2
28. Ne4 Qc8 29. a3 Rc2 30. Nd6 Qc6 31. Rde1 Qc5+ 32. Rf2 Rxf2 33. Qxf2 Nc3 0-1

[Event "9th Sunway Sitges 2022"]
[Site "Sitges ESP"]
[Date "2022.12.20"]
[Round "8.37"]
[White "Gugan G"]
[Black "Kaasen, Tor Fredrik"]
[Result "0-1"]
[BlackTitle "IM"]
[WhiteElo "2126"]
[BlackElo "2452"]
[WhiteFideId "45092931"]
[BlackFideId "1516647"]
[EventDate "2022.12.12"]

1. e4 c5 2. Nf3 d6 3. Nc3 Nc6 4. d4 cxd4 5. Nxd4 Nf6 6. Bg5 Bd7 7. Qd2 a6 8. Bc4
e6 9. O-O-O h6 10. Nxc6 Bxc6 11. Bf4 b5 12. Bb3 b4 13. Nd5 Nxe4 14. Qxb4 exd5
15. Rxd5 Nc5 16. Re1+ Ne6 17. Bxd6 Qc7 18. Bxf8 Rxf8 19. Rd6 Bd7 20. f4 a5 21.
Qd2 O-O-O 22. Re3 Bc6 23. Bxe6+ fxe6 24. Rexe6 Rxd6 25. Rxd6 Bxg2 26. Rd4 Bb7
27. b3 Rd8 28. f5 Rxd4 29. Qxd4 Kb8 30. f6 gxf6 31. Qxf6 Be4 32. Qf2 Kb7 33. Qe2
Qe5 34. Kb1 Qd5 35. Kb2 Qd4+ 36. Kb1 Kb6 37. Qh5 Qd2 38. Kb2 Qxc2+ 39. Ka3 Qc1+ 0-1

[Event "9th Sunway Sitges 2022"]
[Site "Sitges ESP"]
[Date "2022.12.20"]
[Round "8.38"]
[White "Vignesh, B"]
[Black "Garcia Ramos, Daniel"]
[Result "0-1"]
[BlackTitle "IM"]
[WhiteElo "2032"]
[BlackElo "2439"]
[WhiteFideId "35051555"]
[BlackFideId "32010311"]
[EventDate "2022.12.12"]

1. d4 Nf6 2. c4 e6 3. Nc3 d5 4. cxd5 Nxd5 5. e4 Nxc3 6. bxc3 c5 7. Nf3 cxd4 8.
cxd4 Bb4+ 9. Bd2 Bxd2+ 10. Qxd2 O-O 11. Be2 b6 12. O-O Bb7 13. Qe3 Nd7 14. a4
Rc8 15. Nd2 Rc2 16. Bd1 Rc7 17. a5 Qc8 18. axb6 Rc3 19. Qe2 axb6 20. Ba4 Nf6 21.
Rab1 Qc7 22. Rb4 Rd8 23. h3 h6 24. Rd1 Rc1 25. Rxc1 Qxc1+ 26. Kh2 Qc3 27. Rc4
Qb2 28. Qe3 b5 29. Rc2 Qb4 30. Bb3 Rxd4 31. f3 Nd7 32. Nf1 Qd6+ 33. Kg1 Kf8 34.
Qf2 Nc5 35. Bd5 e5 36. Rxc5 Qxc5 37. Bxb7 g6 38. Kh2 Kg7 39. Qe2 b4 40. Bd5 Qc1
41. Qb5 Qf4+ 42. Kg1 Rd1 43. Qb7 h5 44. Kf2 Rb1 45. Qc7 Rb2+ 46. Kg1 h4 47. Qb7
Rb1 48. Kf2 Rb2+ 49. Kg1 g5 50. Qa7 Rb1 51. Kf2 g4 52. hxg4 h3 53. Qa2 Rxf1+ 54.
Kxf1 h2 55. Qa7 h1=Q+ 56. Kf2 Qd2+ 57. Kg3 Qdxg2# 0-1

[Event "9th Sunway Sitges 2022"]
[Site "Sitges ESP"]
[Date "2022.12.20"]
[Round "8.39"]
[White "Boyer, Mahel"]
[Black "Divya, Deshmukh"]
[Result "1-0"]
[WhiteTitle "IM"]
[BlackTitle "WGM"]
[WhiteElo "2434"]
[BlackElo "2347"]
[WhiteFideId "45102422"]
[BlackFideId "35006916"]
[EventDate "2022.12.12"]

1. Nf3 d5 2. g3 g6 3. c4 d4 4. b4 Bg7 5. d3 e5 6. a4 Ne7 7. Bg2 c5 8. bxc5 Na6
9. Ba3 Nxc5 10. Nbd2 Qc7 11. Qb1 Nxa4 12. Qb5+ Bd7 13. Qb4 Nc8 14. O-O Qb6 15.
Qxb6 Ncxb6 16. Ne4 Nc8 17. e3 f5 18. Nd6+ Nxd6 19. Bxd6 dxe3 20. fxe3 e4 21.
dxe4 Bxa1 22. Rxa1 fxe4 23. Ne5 Nb6 24. Bxe4 a5 25. Bc7 Na4 26. Bd6 Nc3 27. Bxb7
Ra7 28. Bf3 Bf5 29. Bc6+ Kd8 30. Bc5 Ra6 31. Bb7 Rf6 32. Rxa5 Kc7 33. Ra7 Kb8
34. Nc6+ Kc7 35. Ba8+ Kc8 36. Bb6 Ne2+ 37. Kf2 Be6+ 38. Kxe2 Bxc4+ 39. Kd2 Rf7
40. Ne7+ Kb8 41. Bc6 1-0

[Event "9th Sunway Sitges 2022"]
[Site "Sitges ESP"]
[Date "2022.12.20"]
[Round "8.40"]
[White "Prudhvi, Kumar V"]
[Black "Sammed Jaykumar, Shete"]
[Result "0-1"]
[BlackTitle "IM"]
[WhiteElo "1733"]
[BlackElo "2430"]
[WhiteFideId "25044788"]
[BlackFideId "5073421"]
[EventDate "2022.12.12"]

1. d4 Nf6 2. c4 g6 3. Nc3 Bg7 4. e4 d6 5. g3 O-O 6. Bg2 c5 7. Nge2 Nc6 8. dxc5
dxc5 9. Qxd8 Rxd8 10. O-O Ng4 11. h3 Nge5 12. b3 Rd3 13. Bb2 g5 14. Rad1 g4 15.
hxg4 Bxg4 16. Rxd3 Nxd3 17. Ba1 Bd4 18. Nxd4 cxd4 19. Nb5 Be2 20. Rb1 Rd8 21. e5
Ndb4 22. Bxc6 Nxc6 23. f4 a6 24. Kf2 Bg4 25. Nxd4 Nxd4 26. Bxd4 Rxd4 27. Ke3 Rd1
28. Rb2 h5 29. b4 Rg1 30. Kd4 Rxg3 31. Kc5 h4 32. Kb6 Bf3 33. Rh2 h3 34. a4 Bg2
35. c5 Rc3 36. b5 axb5 37. axb5 Kg7 0-1

[Event "9th Sunway Sitges 2022"]
[Site "Sitges ESP"]
[Date "2022.12.20"]
[Round "8.41"]
[White "Fataliyeva, Ulviyya"]
[Black "Pablo Mari, Alejandro"]
[Result "0-1"]
[WhiteTitle "IM"]
[BlackTitle "FM"]
[WhiteElo "2428"]
[BlackElo "2338"]
[WhiteFideId "13403052"]
[BlackFideId "2200287"]
[EventDate "2022.12.12"]

1. d4 Nf6 2. Nc3 d5 3. Bf4 a6 4. e3 g6 5. Be2 Bg7 6. g4 c5 7. dxc5 Qa5 8. Kf1
Be6 9. Be5 Nc6 10. Bd4 Nxd4 11. exd4 b6 12. cxb6 Qxb6 13. Na4 Qd6 14. Nc5 h5 15.
Nxe6 Qxe6 16. gxh5 Nxh5 17. c3 Nf4 18. Bg4 Qd6 19. Qa4+ Kf8 20. Qd7 Qb6 21. Re1
Bf6 22. Ne2 Rd8 23. Qa4 Nd3 24. Rb1 Bg5 25. f4 Nxf4 26. Nxf4 Qf6 27. Qd1 Qxf4+
28. Qf3 Qd6 29. Kg2 Kg7 30. Rhf1 f5 31. Bh3 Bf6 32. Rg1 Rh4 33. Qg3 f4 34. Qf3
Rdh8 35. Bg4 Rxh2+ 36. Kf1 Kf7 37. Re1 Rxb2 38. Be6+ Ke8 39. Rxg6 Kd8 40. Bxd5
Rhh2 41. Rg8+ Kc7 42. Qg4 f3 43. Qc8+ Kb6 44. Qc5+ Qxc5 45. dxc5+ Kxc5 46. Rd1
Rh1+ 47. Rg1 Rxg1+ 48. Kxg1 Bxc3 49. Bxf3 Bd4+ 50. Kh1 Rxa2 51. Rc1+ Kb5 52. Rc8
e5 53. Bd5 Ra5 54. Bb7 Ra1+ 55. Kg2 a5 56. Kf3 Re1 57. Bd5 a4 58. Rb8+ Ka5 59.
Rc8 Re3+ 60. Kg4 Kb6 61. Kg5 Rh3 62. Rb8+ Ka5 63. Ra8+ Kb5 64. Rb8+ Bb6 65. Ra8
Rc3 66. Rb8 Rh3 67. Ra8 Bc7 68. Ra7 Ba5 69. Rb7+ Kc5 70. Be4 Bc3 0-1

[Event "9th Sunway Sitges 2022"]
[Site "Sitges ESP"]
[Date "2022.12.20"]
[Round "8.42"]
[White "Saydaliev, Saidakbar"]
[Black "Ilamparthi, A R"]
[Result "1/2-1/2"]
[WhiteTitle "FM"]
[WhiteElo "2419"]
[BlackElo "2336"]
[WhiteFideId "14203693"]
[BlackFideId "45015775"]
[EventDate "2022.12.12"]

1. e4 c5 2. Nf3 d6 3. Bb5+ Bd7 4. Bxd7+ Qxd7 5. O-O Nc6 6. c3 d5 7. exd5 Qxd5 8.
d4 e6 9. Be3 cxd4 10. Nxd4 Nf6 11. Qb3 Nxd4 12. Bxd4 Qc6 13. Nd2 Be7 14. Nc4 O-O
15. Na5 Qc7 16. Qxb7 Qxb7 17. Nxb7 Rfb8 18. Na5 Rxb2 19. Rfb1 Rc2 20. Rb7 Bd8
21. Nc4 Nd5 22. Kf1 Bf6 23. Na3 Rd2 24. Nc4 Rc2 25. Na3 Rd2 26. Nc4 Rc2 1/2-1/2

[Event "9th Sunway Sitges 2022"]
[Site "Sitges ESP"]
[Date "2022.12.20"]
[Round "8.43"]
[White "Moksh, Amit Doshi"]
[Black "Mompel Ferruz, Xavier"]
[Result "1-0"]
[WhiteTitle "IM"]
[WhiteElo "2414"]
[BlackElo "1953"]
[WhiteFideId "25064967"]
[BlackFideId "54585775"]
[EventDate "2022.12.12"]

1. d4 d5 2. Nf3 Nf6 3. Bf4 c5 4. e3 Nc6 5. Nbd2 e6 6. c3 Bd6 7. Bg3 O-O 8. Bd3
b6 9. e4 dxe4 10. Nxe4 Nxe4 11. Bxe4 Bb7 12. dxc5 Bxc5 13. Qa4 Rc8 14. Rd1 Qe7
15. b4 f5 16. Bb1 Nxb4 17. Bh4 Qc7 18. cxb4 Bxf3 19. gxf3 Qf4 20. Bg3 Bxb4+ 21.
Ke2 Qc4+ 22. Bd3 Qc5 23. Rc1 Qd4 24. Rxc8 Rxc8 25. Rb1 a5 26. a3 Rd8 27. Qb3 Bc3
28. Qxe6+ Kh8 29. Qxf5 Re8+ 30. Kf1 g6 31. Qb5 Rd8 32. Be4 Rf8 33. Qxb6 Qxb6 34.
Rxb6 Rd8 35. a4 Rd1+ 36. Kg2 Ra1 37. Rc6 Bd4 38. Rc4 1-0

[Event "9th Sunway Sitges 2022"]
[Site "Sitges ESP"]
[Date "2022.12.20"]
[Round "8.44"]
[White "Abdurakhmonov, Mukhammadali"]
[Black "Castellanos Gomez, Alejandro"]
[Result "1-0"]
[WhiteTitle "IM"]
[BlackTitle "FM"]
[WhiteElo "2397"]
[BlackElo "2277"]
[WhiteFideId "14207346"]
[BlackFideId "22284141"]
[EventDate "2022.12.12"]

1. d4 d5 2. Nf3 Nf6 3. c4 e6 4. Nc3 Nbd7 5. Bg5 c6 6. e3 Qa5 7. cxd5 exd5 8. Nd2
Bb4 9. Qc2 O-O 10. a3 Re8 11. Be2 Be7 12. O-O Nf8 13. b4 Qd8 14. Bd3 g6 15. b5
Ne6 16. Bxf6 Bxf6 17. bxc6 bxc6 18. Na4 Qd6 19. Rfc1 Bd7 20. Nb3 Bd8 21. Nac5
Bc7 22. g3 Nd8 23. Na6 Rc8 24. Qc5 Qf6 25. Qxa7 Bh3 26. Nxc7 Qf3 27. Bf1 Bxf1
28. Rxf1 Re7 29. Rfc1 Rexc7 30. Qa6 Ne6 31. Nc5 Ng5 32. Qf1 Qf5 33. a4 Nf3+ 34.
Kh1 h5 35. Qg2 Ra7 36. Rab1 Raa8 37. Rb6 Rab8 38. a5 Rxb6 39. axb6 Rb8 40. b7
Kg7 41. h3 Nd2 42. f3 Nc4 43. e4 Qg5 44. f4 Qd8 45. Rb1 Qa5 46. exd5 Ne3 47. Qe2
Nf5 48. Kg2 Re8 49. Qf2 Qd8 50. b8=Q Qxd5+ 51. Kg1 Rxb8 52. Rxb8 Nxd4 53. Qb2
Qxc5 54. Rb4 Qc1+ 55. Qxc1 Ne2+ 56. Kf2 Nxc1 57. Ke3 c5 58. Rb2 c4 59. Rc2 Nb3
60. Rxc4 f5 61. Kd3 Kh6 62. Kc2 Na5 63. Rc7 g5 64. Rc5 gxf4 65. gxf4 1-0

[Event "9th Sunway Sitges 2022"]
[Site "Sitges ESP"]
[Date "2022.12.20"]
[Round "8.45"]
[White "Blasco Coll, Andreu"]
[Black "Clarke, Brandon G I"]
[Result "1-0"]
[WhiteTitle "CM"]
[BlackTitle "IM"]
[WhiteElo "2294"]
[BlackElo "2484"]
[WhiteFideId "22272836"]
[BlackFideId "400319"]
[EventDate "2022.12.12"]

1. d4 Nf6 2. c4 g6 3. Nc3 Bg7 4. e4 d6 5. Nf3 O-O 6. Be2 e5 7. Be3 Ng4 8. Bg5 f6
9. Bc1 f5 10. exf5 exd4 11. Bg5 Qd7 12. Nd5 gxf5 13. Nxd4 Nc6 14. Nb5 Bxb2 15.
Rb1 Qg7 16. Bf4 Bd4 17. O-O Rf7 18. Rb3 Bf6 19. Re1 Nce5 20. h3 c6 21. Nxf6+
Qxf6 22. Nxd6 Rd7 23. c5 1-0

[Event "9th Sunway Sitges 2022"]
[Site "Sitges ESP"]
[Date "2022.12.20"]
[Round "8.46"]
[White "Sousa, Andre Ventura"]
[Black "Shailesh, Dravid"]
[Result "1-0"]
[WhiteTitle "IM"]
[BlackTitle "FM"]
[WhiteElo "2466"]
[BlackElo "2286"]
[WhiteFideId "1917617"]
[BlackFideId "25017969"]
[EventDate "2022.12.12"]

1. d4 Nf6 2. Nf3 e6 3. c4 d5 4. Nc3 c5 5. cxd5 Nxd5 6. e4 Nxc3 7. bxc3 cxd4 8.
cxd4 Bb4+ 9. Bd2 Bxd2+ 10. Qxd2 O-O 11. Bc4 Nd7 12. O-O b6 13. Rad1 Bb7 14. Rfe1
Rc8 15. Bb3 Nf6 16. Qf4 Qc7 17. Qh4 Rfd8 18. h3 h6 19. Re3 b5 20. Rde1 a5 21. a3
a4 22. Bd1 Qa5 23. d5 Rc1 24. Rd3 b4 25. axb4 Qxb4 26. Rd4 Rc4 27. Rxc4 Qxc4 28.
e5 Qxh4 29. Nxh4 a3 30. exf6 Bxd5 31. Bf3 Bb3 32. Ra1 a2 33. g4 Rd2 34. Ng2 Rb2
35. Be4 Bd5 36. Bd3 Rd2 37. Bf1 Rb2 38. Bd3 e5 39. Ne3 e4 40. Bc2 Bc6 41. Kf1
Ba4 42. Bxe4 gxf6 43. Ke1 Kg7 44. Nd1 Bxd1 45. Rxd1 h5 46. gxh5 Kh6 47. Ra1 Kxh5
48. Kf1 Kg5 49. Kg2 Rd2 50. Bc6 f5 51. Be8 Kf6 52. Kf3 Rd3+ 53. Ke2 Ra3 54. Bb5
f4 55. Bc4 Rxh3 56. Rxa2 Rc3 57. Ra6+ Ke5 58. Bxf7 f3+ 59. Kd2 Rc7 60. Bh5 Rb7
61. Bxf3 Rb2+ 62. Ke1 Rb1+ 63. Bd1 Kf4 64. Rd6 Ra1 65. Ke2 Ra5 66. Rd4+ Ke5 67.
Rb4 Ra2+ 68. Ke3 Ra3+ 69. Bb3 Kf5 70. Rb5+ Kf6 71. f4 Ra1 72. Rb6+ Ke7 73. Bd5
Re1+ 74. Kd4 Rd1+ 75. Ke5 Re1+ 76. Be4 Re2 77. Rb7+ Ke8 78. f5 Rh2 79. f6 Rh5+
80. Ke6 Kd8 81. Rd7+ Kc8 82. Bb7+ Kb8 83. f7 Rh8 84. Ke7 Ka7 85. Rd8 1-0